Fundamentals of Physics, (Record no. 2001)

MARC details
000 -LEADER
Fixed length control field 00494nam a2200181 4500
003 - CONTROL NUMBER IDENTIFIER
Control field SEACOMEC
005 - DATE AND TIME OF LATEST TRANSACTION
Control field 20250213121217.0
008 - FIXED-LENGTH DATA ELEMENTS--GENERAL INFORMATION
Fixed length control field 250213b |||||||| |||| 00| 0 eng d
020 ## - INTERNATIONAL STANDARD BOOK NUMBER / ISBN
International Standard Book Number 9788126508235
Price 499.00
040 ## - CATALOGING SOURCE
Original cataloging agency SEACOMEC
082 ## - DEWEY DECIMAL CLASSIFICATION NUMBER
Classification number 530
Book Number H188
100 ## - MAIN ENTRY--PERSONAL NAME
Personal name Halliday, David
245 ## - TITLE STATEMENT
Title Fundamentals of Physics,
Statement of responsibility David Halliday, Robert Resnick, and Jearl Walker.
250 ## - EDITION STATEMENT
Edition statement 6th ed
260 ## - IMPRINT
Place of publication New Delhi :
Name of publisher John Wiley & Sons,
Date of publication 2001
300 ## - PHYSICAL DESCRIPTION
Page / Vol. No 1216 p
942 ## - ADDED ENTRY ELEMENTS (KOHA)
Koha item type Books
Holdings
Withdrawn status Lost status Source of classification Damaged status Not for loan Home library Current library Date acquired Total Checkouts Call number Accession number Date last seen Price effective from Koha item type Copy number
    Dewey Decimal Classification     SEACOM ENGINEERING COLLEGE SEACOM ENGINEERING COLLEGE 14/08/2008   530 H188 12901 13/02/2025 13/02/2025 Reference Books  
    Dewey Decimal Classification     SEACOM ENGINEERING COLLEGE SEACOM ENGINEERING COLLEGE 14/08/2008   530 H188 12902 13/02/2025 13/02/2025 Books 1
    Dewey Decimal Classification     SEACOM ENGINEERING COLLEGE SEACOM ENGINEERING COLLEGE 14/08/2008   530 H188 12903 13/02/2025 13/02/2025 Books 2
    Dewey Decimal Classification     SEACOM ENGINEERING COLLEGE SEACOM ENGINEERING COLLEGE 14/08/2008   530 H188 12904 13/02/2025 13/02/2025 Books 3
    Dewey Decimal Classification     SEACOM ENGINEERING COLLEGE SEACOM ENGINEERING COLLEGE 14/08/2008   530 H188 12905 13/02/2025 13/02/2025 Books 4
© Seacom Engineering College, All rights reserved.      Powered by Koha